| 000 | 00431nam a2200157Ia 4500 | ||
|---|---|---|---|
| 008 | 220216s9999 xx 000 0 und d | ||
| 100 | _aHauser Ray L | ||
| 245 | 0 | _aSulfurous vapours emitted from EPDM rubber can damage electronic instruments | |
| 260 |
_bRubber World _c2001 |
||
| 300 | _a24-26 | ||
| 650 | _aEPDM rubber | ||
| 650 | _aSulfurous vapors | ||
| 700 | _aQuick Allen N | ||
| 700 | _aWilliams Arnold E | ||
| 942 | _cJS | ||
| 999 |
_c69937 _d69937 |
||